000 00924nam a2200289 a 4500
003 MX-MxUPN
005 20241010125703.0
008 090320s2004 mx a jr 000 f spa d
020 _a0439661714
035 _aUPN01000170005
040 _aMX-MxUPN
_bspa
_cMX-MxUPN
041 _aspa
_heng
050 4 _aPZ7
_bW55 2004
100 1 _aWilliams, Laura E.
_954013
240 1 0 _aMystery of the dark lighthouse
_lEspañol
245 1 3 _aEl misterio del faro oscuro
260 _aNew York :
_bScholastic,
_c2004.
300 _a133 páginas :
_bilustraciones
490 0 _aMisterios del faro mystic
650 4 _aLiteratura juvenil estadounidense
_912776
650 0 _aHistorias de fantasmas
_vLiteratura juvenil
_94344
650 0 _aHistorias de detectives y misterio
_99001
700 1 _954015
_aIbáñez Ibáñez, José R.
_etraducción
902 _bMaríaRobles/101024
905 _aLibro
942 _2lcc
_cLIBRO
_n0
999 _c142111
_d142111